Statistiques concernant Coupe du Monde 1962: Un joueur, une équipe

Cliquez ici pour prendre le quiz!

Statistiques générales

  • Ce quiz a été pris 28 fois
  • Le résultat moyen est 15 sur 16

Statistiques - réponses

Réponse% Correct
Allemagne de l'Ouest
100%
Angleterre
100%
Argentine
100%
Brésil
100%
Espagne
100%
Italie
100%
Yougoslavie
100%
Colombie
96%
Hongrie
96%
URSS
96%
Bulgarie
93%
Chili
93%
Tchécoslovaquie
93%
Uruguay
93%
Mexique
89%
Suisse
85%

Distribution des résultats

Percentile par nombre de réponses

% des personnes avec chaque résultat

Votre développement - résultats

Vous n’avez pas pris ce quiz